Normal view MARC view

Entry Nombre personal

Number of records used in: 2

001 - NÚMERO DE CONTROL

  • campo de control: 14

003 - IDENTIFICADOR DE NÚMERO DE CONTROL

  • campo de control: DLC

005 - FECHA Y HORA DE LA ÚLTIMA TRANSACCIÓN

  • campo de control: 20260109112812.0

008 - ELEMENTOS DE DATO DE LONGITUD-FIJA

  • campo de control de longitud fija: 030509n| acannaabn |n aaa

010 ## - NÚMERO DE CONTROL DE LA BIBLIOTECA DEL CONGRESO

  • Número de control de LC: nb2003047087

040 ## - FUENTE DE CATALOGACIÓN

  • Centro catalogador/agencia de origen: Uk
  • Lengua de catalogación: eng
  • Centro/agencia transcriptor: Uk

100 1# - ENCABEZAMIENTO-NOMBRE DE PERSONA

  • Nombre de persona: Svensson, Lena

670 ## - FUENTE DE DATOS ENCONTRADOS

  • Cita de la fuente: Nya huset i Andrarum, 1991:
  • Información encontrada: t.p. (Lena Svensson)